000
00316nam a2200133Ia 4500
005
20251222144839.0
008
251222s9999||||xx |||||||||||||| ||spa||
082
_a
363.106/Y49
100
_a
YépeZ Dávalos, Enrique
245
0
_a
Seguridad Ciudana
250
_a
1ra.ed.
264
_b
Instituto Legal
942
_c
LIB
999
_c
21155
_d
21155